| 000 | 01277cam a2200385 a 4500 | ||
|---|---|---|---|
| 001 | 87628 | ||
| 005 | 20230410130501.0 | ||
| 008 | 000225s2001 nju b 001 0 eng | ||
| 010 | _a 00027421 | ||
| 035 | _a(OCoLC)ocm43599085 | ||
| 040 |
_aDLC _cDLC _dBTCTA _dYDXCP _dOCLCG |
||
| 020 | _a0130210269 | ||
| 020 | _a9780130210265 | ||
| 029 | 1 |
_aYDXCP _b1684019 |
|
| 029 | 1 |
_aAU@ _b000021373364 |
|
| 035 | _a(OCoLC)43599085 | ||
| 050 | 1 | 4 |
_aPE 1417 _bP855 2001 |
| 082 | 0 | 0 |
_a808/.0427 _221 |
| 049 | _aGRAL | ||
| 245 | 0 | 0 |
_aPurpose and process : _ba reader for writers / _c[edited by] Stephen Reid. |
| 250 | _a4th ed. | ||
| 260 |
_aUpper Saddle River, N.J. : _bPrentice Hall, _cc2001. |
||
| 300 |
_axxiii, 614 p. : _bill. ; _c23 cm. |
||
| 504 | _aIncludes bibliographical references and index. | ||
| 650 | 0 | _aCollege readers. | |
| 650 | 0 |
_aEnglish language _xRhetoric _vProblems, exercises, etc. |
|
| 650 | 0 |
_aReport writing _vProblems, exercises, etc. |
|
| 650 | 4 |
_aIngles _xRetórica _vProblemas, ejercicios, etc. |
|
| 650 | 4 |
_aRedacción de informes _vProblemas, ejercicios, etc. |
|
| 700 | 1 |
_aReid, Stephen, _d1940- |
|
| 938 |
_aBaker and Taylor _bBTCP _n00027421 |
||
| 938 |
_aYBP Library Services _bYANK _n1684019 |
||
| 942 |
_2lcc _cbk |
||
| 994 |
_aC0 _bDRFGD |
||
| 999 |
_c75027 _d75027 |
||